Kollektív alku a munkahelyen.
Postavenie odborov v mikrosfére ekonomiky - na pracovisku. Po prijatí zákona o zamestnanosti v Maďarsku, reforma aj v oblasti postavenia odborov, zamestnávateľov a zamestnancov. Potreba doriešiť model postavenia odborov voči všetkým subjektom zamestnanosti - použitie vzorov z iných štátov. Otázka ko...
Gespeichert in:
| 1. Verfasser: | |
|---|---|
| Format: | Buchkapitel |
| Sprache: | Ungarisch |
| Schlagworte: | |
| Tags: |
Keine Tags, Fügen Sie das erste Tag hinzu!
|
MARC
| LEADER | 00000naa a2200000 4500 | ||
|---|---|---|---|
| 001 | r005268 | ||
| 005 | 20221125113920.4 | ||
| 041 | 0 | |a hun | |
| 044 | |a HU | ||
| 245 | 1 | 0 | |a Kollektív alku a munkahelyen. |c L. Garzó |
| 520 | |a Postavenie odborov v mikrosfére ekonomiky - na pracovisku. Po prijatí zákona o zamestnanosti v Maďarsku, reforma aj v oblasti postavenia odborov, zamestnávateľov a zamestnancov. Potreba doriešiť model postavenia odborov voči všetkým subjektom zamestnanosti - použitie vzorov z iných štátov. Otázka kolektívnych zmlúv, ich požadovaný obsah, vymedzenie v Zákonníku práce. Otázka miezd a zamestnanosti, nadväznosti na inflačné tendencie. | ||
| 610 | 2 | 0 | |a odbory |
| 610 | 2 | 0 | |a zmluvy kolektívne |
| 610 | 2 | 0 | |a zamestnanosť |
| 610 | 2 | 0 | |a MR |
| 610 | 2 | 0 | |a zákonník práce |
| 610 | 2 | 0 | |a mzdy |
| 610 | 2 | 0 | |a inflácia |
| 100 | 1 | |a Garzó, L. | |